Vývoj střední a východní Evropy v 90. letech.
Rozpadnutie bloku RVHP na krajiny východnej a strednej Európy. Lepšie vyhliadky na prechod k demokracii západného typu v krajinách strednej Európy, politické a psychologicko-politické problémy. Odmietanie programu "tretej cesty" medzi trhom a plánom, kapitalizmom a socializmom, pluralizmom a diktatú...
Guardado en:
| Autor principal: | |
|---|---|
| Formato: | Capítulo de libro |
| Lenguaje: | checo |
| Materias: | |
| Etiquetas: |
Sin Etiquetas, Sea el primero en etiquetar este registro!
|
MARC
| LEADER | 00000naa a2200000 4500 | ||
|---|---|---|---|
| 001 | r004364 | ||
| 005 | 20221125080956.8 | ||
| 041 | 0 | |a cze | |
| 044 | |a [CS] | ||
| 245 | 1 | 0 | |a Vývoj střední a východní Evropy v 90. letech. |c Ch. Gati |
| 520 | |a Rozpadnutie bloku RVHP na krajiny východnej a strednej Európy. Lepšie vyhliadky na prechod k demokracii západného typu v krajinách strednej Európy, politické a psychologicko-politické problémy. Odmietanie programu "tretej cesty" medzi trhom a plánom, kapitalizmom a socializmom, pluralizmom a diktatúrou. Predpoklady krátkeho pretrvávania reformného komunizmu v krajinách východnej Európy. Možnosti využitia zahraničných politických modelov. | ||
| 610 | 2 | 0 | |a východná Európa |
| 610 | 2 | 0 | |a stredná Európa |
| 610 | 2 | 0 | |a politika vnútorná |
| 610 | 2 | 0 | |a politika zahraničná |
| 610 | 2 | 0 | |a demokracia |
| 610 | 2 | 0 | |a 1990 |
| 610 | 2 | 0 | |a hospodárstvo trhové |
| 100 | 1 | |a Gati, Ch. | |